| 000 | 00685nam a22002172 4500 | ||
|---|---|---|---|
| 001 | 0000005720 | ||
| 005 | 20151217155827.0 | ||
| 008 | 070702s xx 000 0 eng d | ||
| 040 |
_aKABU _cKABU |
||
| 050 | 0 |
_aRA644 _b.A25N38 |
|
| 100 | 1 |
_aNduati, Ruth. _@0000156919 |
|
| 245 | 1 | 0 |
_aCommunicating with adolescents on HIV/AIDS in East and Southern Africa / _cby Ruth Nduati, Wambui Kiai. |
| 260 |
_aNairobi : _bRegal Press, _c1996. |
||
| 300 | _a234 p. | ||
| 650 | 0 |
_aHIV infections. _@0000156920 |
|
| 650 | 0 |
_aAIDS (Disease) _@0000148458 |
|
| 700 | 1 |
_aKiai, Wambui. _@0000156921 |
|
| 908 | _a070702 | ||
| 950 | _@1 | ||
| 999 |
_c12975 _d12975 |
||